[Event "13th SRB-chW 2019"]
[Site "Beograd"]
[Date "2019.05.10"]
[Round "5.4"]
[White "Drljevic, Ljilja"]
[Black "Velikic, Adela"]
[Result "0-1"]
[WhiteElo "2155"]
[BlackElo "2323"]
[Annotator "TA"]
[PlyCount "116"]
[EventDate "2019.05.06"]
[EventCountry "SRB"]
[SourceTitle "playchess.com"]
[Source "ChessBase"]
[SourceQuality "1"]

{[%evp 10,116,19,10,16,12,8,4,20,13,0,12,35,41,20,-101,-119,-99,0,0,5,0,15,0,0,-78,-87,-99,-82,-66,-70,-79,-69,-234,-237,-376,-47,-156,-56,-54,-54,-274,-271,-260,-252,-250,-255,-367,-47,-54,-44,-112,-127,-102,-93,-102,-86,-144,-118,-133,-105,-134,-55,-77,-78,-126,-132,-181,-197,-161,-104,-214,-219,-214,-195,-247,-74,-739,-702,-1293,-1281,-1204,-1125,-899,-311,-318,-327,-311,-221,-397,-355,-346,-347,-667,-667,-723,-697,-687,-649,-1504,-1364,-5173,-4665,-29987,-29988,-29987,-29988,-29991,-29992]} 1. e4 c5 2. Nc3 a6 3. g3 b5 4. Bg2 Bb7 5. d3 e6 6. Nh3 b4 {B23: Closed Sicilian: Lines without g3} 7. Ne2 d5 8. O-O (8. e5 Nc6 9. f4 Nh6 10. Nf2 Nf5 11. O-O Qb6 12. c3 Be7 13. g4 Nh4 14. Bh1 {0-1 (35) Yu,Y (2738)-Khismatullin,D (2639) Moscow 2017}) 8... dxe4 {The position is equal.} 9. Ng5 Nf6 10. Nf4 h6 $146 ({Predecessor:} 10... Be7 11. Nxe4 Nxe4 12. Bxe4 Bxe4 13. dxe4 O-O 14. Qg4 {½-½ (77) Paszewski,M (2293)-Teclaf,P (2399) Suwalki 2018}) 11. Nxe4 Nxe4 12. Nxe6 (12. dxe4 $11 Nc6 13. Be3) 12... fxe6 $17 13. Qh5+ Kd7 (13... Ke7 $1 $17 14. dxe4 (14. Bxe4 Bxe4 15. dxe4 Qe8 $17) 14... Qe8 15. Bg5+ (15. Qxc5+ Kf7 $17) 15... Kd7 16. Rfd1+ Bd6) 14. dxe4 $11 {Rd1+ is the strong threat.} Kc8 15. Rd1 Qe7 16. Bf4 {Strongly threatening Bd6.} Bc6 $1 17. Qe5 (17. c3 $11 {keeps the balance.}) 17... Be8 $17 18. Bh3 Nc6 19. Bxe6+ Kb7 20. Qf5 $1 Qf6 21. Qd5 $2 (21. Qxf6 $15 gxf6 22. c3) 21... Rd8 $19 (21... Qxb2 $2 22. Bd7 $18) 22. Qc4 (22. Qf5 $142) 22... Na5 $2 ({Black should play} 22... Nd4 $19 23. Bd5+ Rxd5 $1 {[%mdl 512]} 24. Qxd5+ Bc6) 23. e5 ({White has to play} 23. Bd5+ $1 $15 Bc6 24. Bxc6+ Kb6 25. Qe2 Nxc6 26. Rxd8 Nxd8 27. a3 Qxb2 {[%mdl 64] Double Attack} 28. Rd1) 23... Qe7 (23... Nxc4 $6 24. exf6 Rxd1+ 25. Rxd1 $11) ({Better is} 23... Rxd1+ $17 24. Rxd1 Qg6 25. Qd5+ Bc6) 24. Qe4+ Bc6 25. Bd5 $2 (25. Qg6 $15) 25... Rxd5 $1 26. Rxd5 Qe6 $1 {[%mdl 64] Pin} 27. Rad1 Be7 $1 28. c4 {[#]} (28. Qd3 $142) 28... Rd8 $2 (28... Nxc4 $1 $19 {[%mdl 512]} 29. Rd7+ (29. Qxc4 $2 Rd8 $19 {[%mdl 64] Pin}) 29... Kb6 30. Rxe7 {[%mdl 64] Double Attack} Qh3 31. Qxc6+ (31. Rd5 $2 Rd8 $19 {[%mdl 64] Pin}) 31... Kxc6) 29. b3 Kb6 {[%mdl 1024] Black has compensation.} 30. Qd3 {[#]} (30. Be3 $15) 30... Nb7 $1 $17 31. Qe4 g5 32. Be3 Rf8 33. a3 ({White should try} 33. f3) 33... a5 34. axb4 axb4 35. Ra1 g4 (35... Rd8 $17 {[%cal Rd8d5]} 36. Rad1 Ra8) 36. Bf4 h5 37. Qd3 {[#]} h4 $1 38. Rd1 h3 39. Ra1 Rd8 (39... Na5 $19 40. Rd1 Ra8) 40. f3 (40. Kf1 $17) 40... gxf3 $19 41. Kf2 Rf8 ({Less strong is} 41... Bxd5 42. cxd5 Na5 43. Rd1 $17) 42. Qd2 (42. Ra2 $142) 42... Qg6 $2 (42... Rxf4 $19 {is more deadly.} 43. Qxf4 (43. gxf4 $2 {loses.} Qg4 $19) 43... Bxd5 44. cxd5 Qxd5 45. Qh6+ Kc7) 43. Kxf3 $2 {[%mdl 8192]} (43. Be3 $17) 43... Bg5 44. Ke3 Bxd5 45. Qxd5 Rd8 46. Qe4 Qxe4+ $2 (46... Bxf4+ 47. gxf4 Qg4) 47. Kxe4 Bxf4 48. gxf4 {[%mdl 4096] Endgame KRN-KR} Rd2 49. Rh1 $2 (49. f5 {was the only chance.} Rxh2 50. Kf3) 49... Kc6 50. Rg1 {intending Rg6+.} Rg2 (50... Rxh2 $2 51. Rg6+ Kc7 52. Rg7+ Kb6 53. Rg6+ Kc7 54. Rg7+ Kc6 55. Rg6+ Kc7 $19) 51. Rd1 $2 (51. Ra1 Rxh2 52. Ra6+ Kc7 53. Rh6) 51... Rxh2 52. Rd3 Rh1 53. Kf5 Na5 {White must now prevent ...h2.} 54. Rg3 h2 55. Rh3 {[#]} Nxb3 $1 {[%mdl 512]} 56. Ke6 (56. Rxb3 Re1) 56... Nd4+ {Black mates.} 57. Ke7 b3 {[%cal Bb4b3,Bb3b2][%mdl 32]} 58. e6 b2 {Accuracy: White = 23%, Black = 57%.} 0-1

[Event "13th SRB-chW 2019"]
[Site "Beograd"]
[Date "2019.05.10"]
[Round "5.5"]
[White "Gajcin, Marina"]
[Black "Blagojevic, Tijana"]
[Result "1/2-1/2"]
[WhiteElo "2299"]
[BlackElo "2174"]
[Annotator "ChessBase"]
[PlyCount "176"]
[EventDate "2019.05.06"]
[EventCountry "SRB"]
[SourceTitle "playchess.com"]
[Source "ChessBase"]
[SourceQuality "1"]

1. e4 c5 2. Nf3 d6 3. Bb5+ Nd7 4. d4 cxd4 5. Qxd4 a6 6. Bxd7+ Bxd7 7. c4 Rc8 8. O-O e5 9. Qd3 b5 10. Na3 Qb6 11. Be3 Qb7 12. Nd2 Be7 13. Rfc1 Nf6 14. Bg5 Nh5 15. Bxe7 Kxe7 16. Qe3 Nf4 17. c5 dxc5 18. Rxc5 f6 19. Nb3 Ne6 20. Rd1 Rhd8 21. Rcd5 Be8 22. Qd2 Kf7 23. Nc2 Kg8 24. Ne3 Qb6 25. Nf5 Kh8 26. Qb4 Bh5 27. Rxd8+ Rxd8 28. Rd5 Qc7 29. h3 Bf7 30. Rxd8+ Qxd8 31. Kh2 Bg6 32. Ne3 Nd4 33. f3 Bf7 34. Nxd4 exd4 35. Nd5 Bxd5 36. exd5 Qxd5 37. Qf8+ Qg8 38. Qd6 Qxa2 39. Qxd4 h6 40. Qd8+ Kh7 41. Qd3+ Kh8 42. b3 Qa5 43. Qd7 b4 44. Qe8+ Kh7 45. Qe4+ f5 46. Qd3 Kh8 47. g4 fxg4 48. hxg4 Qe5+ 49. Kh3 Qc3 50. Qd5 Qc8 51. Kg3 Qg8 52. Qd3 a5 53. Kh3 Qb8 54. Qd7 Qg8 55. Qd3 Qa8 56. Qd1 Kg8 57. Kg2 Qa6 58. Qd5+ Kh7 59. Kg3 Qb6 60. Qf5+ Kg8 61. Qc8+ Kf7 62. Qd7+ Kf8 63. Kg2 Qc5 64. Qd8+ Kf7 65. Qd7+ Kf6 66. Qd3 Qe5 67. Qd8+ Kf7 68. Qd7+ Kg6 69. Qd3+ Kg5 70. Qd8+ Kg6 71. Qd3+ Kf7 72. Qd7+ Kg8 73. Qd8+ Kh7 74. Qd3+ g6 75. Qd7+ Qg7 76. Qd5 Qa7 77. Qc4 Kg7 78. Qc2 Qb6 79. Qe4 Qc5 80. Qe6 h5 81. gxh5 Qg5+ 82. Kf1 Qxh5 83. Qe7+ Kh6 84. Qf8+ Kg5 85. Kg2 Qh4 86. Qd8+ Kh5 87. Qh8+ Kg5 88. Qd8+ Kh5 1/2-1/2

[Event "13th SRB-chW 2019"]
[Site "Beograd"]
[Date "2019.05.11"]
[Round "6.1"]
[White "Benderac, Ana"]
[Black "Blagojevic, Tijana"]
[Result "1/2-1/2"]
[WhiteElo "2214"]
[BlackElo "2174"]
[Annotator "NA"]
[PlyCount "28"]
[EventDate "2019.05.06"]
[EventCountry "SRB"]
[SourceTitle "playchess.com"]
[Source "ChessBase"]
[SourceQuality "1"]

{[%evp 8,16,-7,-16,-21,-15,-18,-13,-8,-10,0]} 1. d4 d5 2. Nf3 Nf6 3. Bf4 c5 4. e3 Nc6 5. Nc3 Bg4 6. Be2 e6 7. O-O Be7 8. h3 Bh5 9. Ne5 Bxe2 10. Qxe2 O-O 11. Nxc6 bxc6 12. dxc5 Bxc5 13. Na4 Be7 14. Qa6 Qc8 1/2-1/2

[Event "13th SRB-chW 2019"]
[Site "Beograd"]
[Date "2019.05.11"]
[Round "6.2"]
[White "Velikic, Adela"]
[Black "Gajcin, Marina"]
[Result "1-0"]
[WhiteElo "2323"]
[BlackElo "2299"]
[Annotator "TA"]
[PlyCount "71"]
[EventDate "2019.05.06"]
[EventCountry "SRB"]
[SourceTitle "playchess.com"]
[Source "ChessBase"]
[SourceQuality "1"]

{[%evp 9,71,0,19,0,47,19,91,67,100,101,120,112,118,116,110,119,125,117,130,133,136,121,124,122,116,119,141,144,154,136,145,118,124,121,141,133,183,183,182,181,181,183,210,210,255,260,256,264,255,270,288,276,360,341,394,399,389,398,496,504,699,676,1467,1368]} 1. d4 Nf6 2. c4 g6 3. Nc3 d5 4. Nf3 Bg7 5. h4 c6 6. Bg5 {D90: Grünfeld: 4 Nf3 Bg7 sidelines} Nbd7 7. h5 $146 ({Predecessor:} 7. cxd5 cxd5 8. Qb3 Nb6 9. e3 O-O 10. Bd3 Be6 11. Bxf6 Bxf6 12. h5 Nc4 13. hxg6 hxg6 {½-½ (49) Ipatov,A (2614)-Inarkiev,E (2698) Yerevan 2014}) 7... gxh5 (7... Nxh5 $11 8. cxd5 cxd5) 8. cxd5 $16 {White is better.} cxd5 9. e3 h6 10. Bf4 Ne4 11. Nxd5 Qa5+ {[%mdl 64] [#] Double Attack} 12. Nc3 $1 Ndf6 13. Bb5+ Bd7 14. Bxd7+ Nxd7 15. Qa4 Qxa4 16. Nxa4 Ndf6 17. Nd2 Nxd2 18. Kxd2 O-O 19. Nc3 Rfd8 20. Ke2 Rac8 21. Rac1 Rc6 22. Be5 Rdc8 23. Bxf6 Bxf6 24. Rxh5 Rb6 25. Rc2 ({But not} 25. Rxh6 $6 e5 $16) 25... Kg7 26. Kd3 Rbc6 27. f4 Rg8 28. g4 Kf8 29. Rg2 ({Don't do} 29. Rxh6 $6 Rxg4 30. Rch2 Rg1 $18) 29... Bh8 30. Ne4 b6 31. g5 f5 32. Ng3 hxg5 33. Nxf5 Bf6 {Black hopes to continue with ...gxf4.} 34. fxg5 {White is clearly winning.} e6 35. Nh6 Rg7 36. Rf2 {[%mdl 64] Pin. Accuracy: White = 72%, Black = 42%.} 1-0

[Event "13th SRB-chW 2019"]
[Site "Beograd"]
[Date "2019.05.11"]
[Round "6.3"]
[White "Bojicic, Andjela"]
[Black "Drljevic, Ljilja"]
[Result "0-1"]
[WhiteElo "2105"]
[BlackElo "2155"]
[Annotator "NA RC"]
[PlyCount "78"]
[EventDate "2019.05.06"]
[EventCountry "SRB"]
[SourceTitle "playchess.com"]
[Source "ChessBase"]
[SourceQuality "1"]

1. d4 d6 2. c4 e5 3. Nc3 exd4 4. Qxd4 Nf6 5. e4 Nbd7 6. Nf3 g6 7. Be2 Bg7 8. O-O O-O 9. Bg5 Re8 10. Qd2 Nc5 11. e5 Nce4 12. Bxf6 Nxd2 13. Bxd8 Nxf3+ 14. Bxf3 Rxd8 15. exd6 Rxd6 16. Nb5 Rd7 17. Rad1 c6 18. Nd6 Re7 19. b3 Rb8 20. c5 Be6 21. Rfe1 Kf8 22. Re4 Rc7 23. Rde1 b6 24. Bg4 Bc3 25. R1e3 Bxg4 26. Rxc3 Be6 27. Re1 Rd8 28. Ne4 h6 29. Rec1 Rd4 30. Ng3 b5 31. h3 Rcd7 32. Kh2 h5 33. a3 a5 34. Ne2 Rd2 35. Re3 Bxb3 36. Ng3 Bd5 37. Kg1 Re7 38. Rxe7 Kxe7 39. Re1+ Kd7 0-1

[Event "13th SRB-chW 2019"]
[Site "Beograd"]
[Date "2019.05.11"]
[Round "6.4"]
[White "Eric, Jovana"]
[Black "Nestorovic, Katarina"]
[Result "1-0"]
[WhiteElo "2221"]
[BlackElo "2132"]
[Annotator "NA RC"]
[PlyCount "85"]
[EventDate "2019.05.06"]
[EventCountry "SRB"]
[SourceTitle "playchess.com"]
[Source "ChessBase"]
[SourceQuality "1"]

1. e4 c5 2. Nf3 e6 3. d4 cxd4 4. Nxd4 Nf6 5. Nc3 d6 6. Be2 a6 7. O-O b5 8. Bf3 e5 {B84: Sicilian Scheveningen: 6 Be2 a6, lines without early Be3} (8... Ra7 $14 9. a4 b4 10. Na2 e5 11. Nf5 d5 12. Bg5 Bxf5 13. exf5 e4 14. Be2 Nbd7 15. c3 bxc3 16. Nxc3 Qa8 {1-0 (46) Oleksienko,M (2610)-Wan,Y (2458) Vlissingen 2016}) 9. Nf5 Nc6 10. Bg5 Be6 11. Nd5 Bxd5 12. exd5 $146 ({Predecessor:} 12. Bxf6 gxf6 13. Qxd5 Qc7 14. Rfd1 Rd8 15. c3 Na5 16. a4 {1-0 (49) Nunez Munoz,J (2223)-Martin Mazuelo,M (1987) Madrid 2008}) 12... Nb8 13. a4 h6 14. Bd2 Qc8 15. Bg4 ({White should play} 15. Ne3 $18) 15... Nbd7 16. Bh3 g6 17. Ne3 Qb7 18. axb5 Qxb5 19. b4 Be7 20. c4 Qb7 21. g3 $16 Rc8 22. Qa4 Ne4 23. Be1 Ra8 24. Qc6 Qxc6 25. dxc6 Nb6 26. b5 O-O 27. bxa6 f5 28. Nd5 Nxd5 29. cxd5 Nf6 30. Bb4 Nxd5 31. Bxd6 Bxd6 32. Rfd1 Rfc8 33. Rxd5 Rxc6 34. Bf1 Kf7 35. Rb5 Ra7 36. Rab1 Ke6 37. Rb7 Rc7 38. Rb8 Re7 39. Bc4+ Kf6 40. R1b6 Red7 41. Bb5 Ke7 42. Rh8 Rdc7 43. Re8+ 1-0

[Event "13th SRB-chW 2019"]
[Site "Beograd"]
[Date "2019.05.11"]
[Round "6.5"]
[White "Chelushkina, Irina"]
[Black "Injac, Teodora"]
[Result "0-1"]
[WhiteElo "2272"]
[BlackElo "2270"]
[Annotator "TA"]
[PlyCount "104"]
[EventDate "2019.05.06"]
[EventCountry "SRB"]
[SourceTitle "playchess.com"]
[Source "ChessBase"]
[SourceQuality "1"]

{[%evp 12,104,19,8,8,0,-2,0,0,-43,-27,-51,-49,-43,-50,-66,-50,-50,-47,-57,-58,-91,-86,-125,-124,-213,-214,-191,-221,-193,-214,-206,-107,-102,-104,-333,-333,-333,-322,-720,-511,-510,-358,-350,-348,-395,-386,-429,-412,-424,-405,-432,-444,-441,-444,-441,-432,-489,-488,-467,-456,-548,-437,-547,-536,-610,-608,-608,-608,-579,-591,-588,-586,-573,-579,-577,-571,-811,-804,-1035,-1035,-927,-916,-1035,-975,-868,-750,-6652,-5933,-29969,-29971,-29971,-29971,-5941,-5583]} 1. g3 Nf6 2. Bg2 g6 3. e4 d6 4. d4 Bg7 5. Nc3 O-O 6. Nge2 e5 7. h3 Nc6 {[%cal Bb8c6,Bc6d4,Bd4e6,Be6f4][%mdl 32] B07: Pirc Defence: Miscellaneous Systems} (7... exd4 8. Nxd4 Bd7 9. O-O Nc6 10. Nb3 Re8 11. Re1 a6 12. a4 Be6 13. Nd5 Ne5 14. Nd4 Bd7 15. Bg5 c6 16. Nxf6+ Bxf6 17. Bxf6 Qxf6 {1-0 (66) Zubov,A (2612)-Demchenko,A (2645) Konya 2017}) 8. dxe5 dxe5 9. Be3 b6 $146 {The position is equal.} ({Predecessor:} 9... Be6 10. Nd5 Nd7 11. Qd2 Ne7 12. O-O-O c6 13. Qb4 cxd5 14. exd5 Nxd5 15. Bxd5 Bxd5 16. Rxd5 {1-0 (75) Shtembuliak,E (2352)-Shapkin,A (2236) Moscow 2015}) 10. g4 Ba6 11. Ng3 Nd4 12. Qd2 Ne8 13. Nd5 Nd6 $36 {[%mdl 2048] Black is more active.} 14. b3 c6 15. Nb4 Bb7 16. c3 Ne6 17. O-O-O Qh4 $1 18. Nf5 ({Don't blunder} 18. Qxd6 $2 Rfd8 $19) (18. Nxc6 $17 Nc4 19. bxc4 Bxc6 20. Qc2) 18... gxf5 $19 19. exf5 {[#]} Nf4 $1 20. Bxf4 exf4 21. Qxd6 Bxc3 (21... Rad8 $1 $19 {[%cal Rd8d6]} 22. Qc7 Rxd1+ 23. Rxd1 Qxf2) 22. Nd3 {[#]} Bg7 $1 {Hoping for ...Rad8.} 23. Kc2 $2 (23. g5 $17 Qxg5 24. Be4 f3+ 25. Kc2) 23... Rad8 24. Qxf4 Qf6 {[#] aiming for ...Qc3+.} 25. Qc1 $2 (25. Ne5 $1 {[%mdl 512]} Qxe5 26. Qxe5 Bxe5 27. b4) 25... Qc3+ 26. Kb1 Rxd3 27. Qxc3 Rxc3 28. Rd7 Ba6 {...Bd3+ is the strong threat.} 29. Rhd1 c5 30. Be4 Bd4 31. Rxa7 Be2 32. Rd2 Bf3 33. Bxf3 Rxf3 {[%mdl 64] Double Attack} 34. Rb7 Re8 35. Kc2 Re1 36. Rd3 Rxf2+ 37. Rd2 Rf3 38. Rd3 Re2+ 39. Rd2 Rxd2+ 40. Kxd2 Rxh3 41. Rxb6 {[%mdl 4096] Endgame KRB-KR} Rh2+ 42. Kd3 Rxa2 43. g5 Kg7 44. Rb8 Rg2 45. f6+ Kg6 46. Rg8+ Kf5 47. Rg7 Rxg5 48. Rxf7 Kg6 49. Rb7 Bxf6 50. b4 Rg3+ 51. Ke2 c4 52. Rc7 c3 {Accuracy: White = 29%, Black = 84%.} 0-1

[Event "13th SRB-chW 2019"]
[Site "Beograd"]
[Date "2019.05.12"]
[Round "7.1"]
[White "Injac, Teodora"]
[Black "Benderac, Ana"]
[Result "1/2-1/2"]
[WhiteElo "2270"]
[BlackElo "2214"]
[Annotator "NA"]
[PlyCount "39"]
[EventDate "2019.05.06"]
[EventCountry "SRB"]
[SourceTitle "playchess.com"]
[Source "ChessBase"]
[SourceQuality "1"]

1. d4 d5 2. Nf3 Nf6 3. c4 e6 4. cxd5 exd5 5. Nc3 Nc6 6. Bg5 Be7 7. e3 O-O 8. Bd3 Be6 9. O-O Nb4 10. Bb1 Ne4 11. Bxe7 Qxe7 12. a3 Nxc3 13. bxc3 Nc6 14. Bd3 Na5 15. Ne5 g6 16. Qa4 b6 17. Nf3 c6 18. Qb4 Rfe8 19. Rac1 Rac8 20. Nd2 1/2-1/2

[Event "13th SRB-chW 2019"]
[Site "Beograd"]
[Date "2019.05.12"]
[Round "7.2"]
[White "Nestorovic, Katarina"]
[Black "Chelushkina, Irina"]
[Result "1/2-1/2"]
[WhiteElo "2132"]
[BlackElo "2272"]
[Annotator "NA"]
[PlyCount "84"]
[EventDate "2019.05.06"]
[EventCountry "SRB"]
[SourceTitle "playchess.com"]
[Source "ChessBase"]
[SourceQuality "1"]

1. e4 c6 2. d4 d5 3. Nd2 dxe4 4. Nxe4 Nf6 5. Nxf6+ exf6 6. c3 Be6 7. Qc2 {B15: Caro-Kann: 3 Nc3: 3...g6 and 3...dxe4 4 Nxe4 Nf6 5 Nxf6+ exf6} (7. Bd3 Bd6 8. Ne2 O-O 9. Bf4 Re8 10. O-O Bg4 11. f3 Bh5 12. Qd2 Bg6 13. Bxd6 Qxd6 14. Nf4 Nd7 15. Nxg6 hxg6 {1-0 (44) Kasparov,G (2825)-Miles,A (2595) ICC INT 1998}) 7... Nd7 8. Bd3 Bd6 9. Ne2 Qc7 10. Be3 g6 $146 ({Predecessor:} 10... h6 11. h3 O-O 12. O-O b5 13. Qd2 Nb6 14. b3 a5 15. Nf4 Bd7 16. Nh5 Rfe8 17. Bxh6 {1-0 (56) Cornette,D (2439)-Gvetadze,S (2289) Riadh 2017}) 11. O-O-O (11. c4 $14) 11... b5 12. g3 Nb6 13. Nf4 Bg4 14. Be2 Bxe2 15. Qxe2 O-O-O 16. d5 Rhe8 17. dxc6 Qxc6 18. Kb1 Bxf4 19. Qg4+ f5 20. Qxf4 Nd5 21. Qh6 Nxe3 22. fxe3 Qe4+ 23. Ka1 Rd3 24. a3 Red8 25. Rde1 Rd2 26. Qxh7 Qc4 27. Qg7 Rxb2 28. Kxb2 Rd2+ 29. Kc1 Qa2 30. Qf8+ Kb7 31. Qxf7+ Qxf7 32. Kxd2 Qa2+ 33. Kd3 Qxa3 $15 34. Ra1 Qd6+ 35. Kc2 Qe5 36. Rhd1 Qe4+ 37. Kb3 Qe6+ 38. Kb2 a6 39. Rd3 Qe5 40. Rd7+ Kb6 41. Rad1 a5 42. R1d5 Qxe3 1/2-1/2

[Event "13th SRB-chW 2019"]
[Site "Beograd"]
[Date "2019.05.12"]
[Round "7.3"]
[White "Drljevic, Ljilja"]
[Black "Eric, Jovana"]
[Result "0-1"]
[WhiteElo "2155"]
[BlackElo "2221"]
[Annotator "TA"]
[PlyCount "102"]
[EventDate "2019.05.06"]
[EventCountry "SRB"]
[SourceTitle "playchess.com"]
[Source "ChessBase"]
[SourceQuality "1"]

{[%evp 9,124,0,10,0,6,4,0,-7,3,13,-10,-31,-27,-51,-28,-34,-44,-55,0,-71,-55,-59,-47,-79,-89,-189,-107,-106,-92,-85,-108,-135,-104,-108,-88,-112,-85,-85,-79,-126,-122,-202,-227,-206,-84,-86,-72,-145,-149,-280,-141,-210,-155,-151,-156,-162,-146,-286,-274,-297,-313,-269,-197,-437,-425,-439,-430,-509,-491,-512,-512,-501,-504,-460,-349,-342,-350,-331,-155,-163,-67,-57,-57,-56,-26,-52,0,0,0,0,0,0,0,0,0,0,0,0,0,0,0,0,161,-295,-118,-208,-213,-148,-195,-193,-136,-133,-100,-29973,-29975,-29974,-29963]} 1. e4 e6 2. d4 d5 3. Bd3 dxe4 4. Bxe4 Nf6 5. Bf3 Nbd7 (5... c5 6. Ne2 Nc6 7. Be3 cxd4 8. Nxd4 Ne5 9. Nc3 a6 10. Qe2 Nxf3+ 11. Qxf3 e5 12. Nb3 Bb4 13. Bg5 h6 14. Rd1 {½-½ (31) Andriasian,Z (2604)-Martirosyan,H (2607) Yerevan 2019}) 6. Ne2 {C01: French: Exchange Variation} Bd6 7. O-O O-O 8. Ng3 {The position is equal.} c5 9. dxc5 Bxc5 10. c4 $146 ({Predecessor:} 10. Nc3 Ne5 11. Bf4 Qxd1 12. Bxd1 Ng6 13. Bg5 Be7 {0-1 (61) Gonzalez Garcia,F (1964)-Cruz Ravina,F (2345) Linares 2016}) 10... Ne5 11. Be2 Qe7 12. Nd2 Rd8 13. Qc2 {[#]} b6 ({Better is} 13... b5 $1 $15 {[%mdl 512]}) 14. a3 (14. Nde4 $11 {keeps the balance.}) 14... Bb7 $17 15. b4 Bd4 16. Rb1 Rac8 17. Qb3 (17. Bb2 $17) 17... b5 (17... Nfg4 $19 {Hoping for ...Qh4.} 18. h3 Nxf2 19. Rxf2 Qf6 {[%mdl 64] Pin}) 18. c5 Bd5 19. Qd1 Ba2 20. Rb3 Bxb3 21. Qxb3 a6 22. Nde4 Ne8 23. Bg5 f6 $1 {[%cal Rf6g5]} 24. Nf5 Qf7 25. Nxd4 (25. Nh4 $17) 25... Rxd4 $19 26. Qe3 Rd5 (26... Qd7 $1 $19 {and Black stays clearly on top.} 27. Bf4 Nc4 28. Bxc4 bxc4) 27. Bf4 $17 Nc4 28. Qh3 ({White should play} 28. Qc1) 28... Rd4 29. Bf3 (29. Bd3 $17) 29... Rcd8 (29... Nxa3 $19 30. Bd2 Rcd8) 30. Re1 (30. c6 $17) 30... e5 ({Don't play} 30... Nxa3 31. Bg4 $17) 31. Be3 Rd3 32. Bg4 {Black must now prevent Be6.} Nc7 $1 33. c6 (33. Bf5 $17 {is a better defense.} g6 34. Nd6 R8xd6 35. cxd6 Rxd6 36. Bg4) 33... Rxa3 $19 34. Nc5 Nxe3 35. fxe3 Rd6 36. Bf3 $2 (36. Rf1 {was necessary.} g6 37. Bd7) 36... f5 37. Qg3 Qe7 38. Qh3 e4 39. Bd1 g6 40. g4 Rxc6 41. gxf5 Kg7 42. Qg2 {White wants to play Qb2+.} Qe5 43. Rf1 Rxe3 (43... Nd5 $19 44. Nd7 Qc3 {[%mdl 64] Double Attack}) 44. Qg5 $17 {[#] Strongly threatening f6+!} Qd4 ({But not} 44... Rh3 $2 45. f6+ $1 {[%mdl 512]} Qxf6 46. Rxf6 $18) (44... Rf3 $1 $19 45. Bxf3 exf3 46. Rxf3 Rf6) 45. Qe7+ $15 Kg8 46. Kh1 $1 {fxg6 would kill now.} Qf6 (46... Qd6 $5 {[%cal Rd6e7]} 47. Qg5 Rh3 $1 $17 {[%mdl 512]}) 47. Qd7 Qd6 (47... Rh3 $15 48. Bb3+ Rxb3 $1 {[%mdl 512]} 49. Nxe4 Qe5 $1 {[%mdl 512]} 50. Qxc6 Qd5 51. Qxc7 Qxe4+ {[%mdl 64] Double Attack} 52. Kg1 Qd4+ 53. Kh1 Qd5+ 54. Kg1 Rf3 55. Rxf3 Qxf3) 48. Qc8+ $1 $40 {[%mdl 128] White is up to no good.} Qf8 49. Qd7 Qe8 50. Qd4 Rh3 51. Bg4 Rd3 {Played: Rh3-h4} 0-1

[Event "13th SRB-chW 2019"]
[Site "Beograd"]
[Date "2019.05.12"]
[Round "7.4"]
[White "Gajcin, Marina"]
[Black "Bojicic, Andjela"]
[Result "1-0"]
[WhiteElo "2299"]
[BlackElo "2105"]
[Annotator "ChessBase"]
[PlyCount "95"]
[EventDate "2019.05.06"]
[EventCountry "SRB"]
[SourceTitle "playchess.com"]
[Source "ChessBase"]
[SourceQuality "1"]

1. e4 c5 2. Nf3 d6 3. Bb5+ Bd7 4. Bxd7+ Qxd7 5. c4 Nc6 6. d4 cxd4 7. Nxd4 Nf6 8. Nc3 g6 9. f3 Bg7 10. Be3 O-O 11. Rc1 a6 12. a4 e6 13. O-O Rfd8 14. Nxc6 bxc6 15. a5 d5 16. Bb6 Rdb8 17. Rc2 dxc4 18. Na4 Qd3 19. Rc3 Qd7 20. Rxc4 Qe8 21. Qc2 Rc8 22. Rd1 Bf8 23. Bd4 e5 24. Be3 Rd8 25. Rxd8 Qxd8 26. Bb6 Qe7 27. Rxc6 Qb4 28. Kf2 Nd7 29. Qc4 Qd2+ 30. Qe2 Qb4 31. Rc4 Qe7 32. Be3 Qd8 33. b4 Rb8 34. Nb6 Qh4+ 35. Kg1 Nxb6 36. Bxb6 Qf6 37. Qd2 Qe7 38. Qd5 Qh4 39. g3 Qf6 40. Kg2 Qe7 41. Rc7 Qe8 42. Qd7 Qxd7 43. Rxd7 Bxb4 44. Ra7 Rc8 45. Rxa6 Rc2+ 46. Kh3 Ra2 47. Ra8+ Kg7 48. a6 1-0